The Wiley encyclopedia of packaging technology /

Guardado en:
Otros Autores: Marsh, Kenneth S., (Editor , ed.), Brody, Aaron L., (Editor , ed.)
Formato: Libro
Idioma:English
Publicado: New York : Wiley, c1997.
Edición:2nd ed.
Materias:
Acceso en línea:Bibliografía del autor
Descripción
Etiquetas: Agregar Etiqueta
Sin Etiquetas, Sea el primero en etiquetar este registro!
LEADER 01224pam a22003015a 4500
001 EIQ.libpla001909
008 960917s1997####nyua#####be###001#0#eng#d
005 20070301184743.0
245 0 4 |a The Wiley encyclopedia of packaging technology /  |c edited by Aaron L. Brody, Kenneth S. Marsh. 
250 |a 2nd ed. 
260 |a New York :  |b Wiley,  |c c1997. 
300 |a xii, 1023 p. :  |b il. ;  |c 29 cm. 
500 |a "A Wiley-Interscience publication." 
504 |a Incluye referencias bibliográficas e índice. 
020 |a 0471063975 (cloth : alk. paper) 
700 1 |a Marsh, Kenneth S.,  |e ed.  |4 edt 
700 1 |a Brody, Aaron L.,  |e ed.  |4 edt 
246 3 0 |a Encyclopedia of packaging technology 
246 3 0 |a Packaging technology 
082 0 0 |a 688.8/03  |2 20 
650 4 |a Empaquetado  |x Enciclopedia. 
650 4 |a Packaging  |x Encyclopedia. 
010 |a  96044725  
040 |a DLC  |c DLC  |d AR-BbSID 
856 4 2 |3 Bibliografía del autor  |u http://www.loc.gov/catdir/bios/wiley041/96044725.html 
856 4 2 |3 Descripción  |u http://www.loc.gov/catdir/description/wiley032/96044725.html 
859 |a AR-BbSID  |b BIB. PLAPIQUI  |h 668.41  |i W 648  |k R  |p 5052  |v Vol. 1  |3 Vol. 1 
859 |a AR-BbSID  |b BIB. PLAPIQUI  |h 668.41  |i W 648  |k R  |p 5131  |v Vol. 2  |3 Vol. 2